[Event "IMSA Elite Mind Games (Rapid)"]
[Site "?"]
[Date "2017.12.11"]
[EventDate "?"]
[Round "6.4"]
[Result "1/2-1/2"]
[White "Yu Yangyi"]
[Black "Pentala Harikrishna"]
[WhiteElo "2752"]
[BlackElo "2687"]
[PlyCount "219"]

1. Nf3 d5 2. g3 c5 3. Bg2 Nc6 4. d4 Nf6 5. O-O e6 6. c4 dxc4
7. Ne5 Bd7 8. Na3 cxd4 9. Naxc4 Be7 10. Bf4 Nd5 11. Nxd7 Nxf4
12. Bxc6 bxc6 13. Nde5 Ng6 14. Nxc6 Qd5 15. N4a5 Bf6 16. Qb3
Qxb3 17. Nxb3 d3 18. exd3 Bxb2 19. Rab1 Bf6 20. Rfc1 Kd7
21. Nba5 Rhc8 22. Rb7+ Ke8 23. Rc4 a6 24. Kf1 Ne5 25. Nxe5
Bxe5 26. Rxc8+ Rxc8 27. Nc4 Bc7 28. Ra7 a5 29. a4 Kd8 30. Ra6
Rb8 31. Nxa5 Rb1+ 32. Ke2 Rb2+ 33. Ke3 Bb6+ 34. d4 e5 35. Ke4
Bxd4 36. Nc6+ Kd7 37. f4 Rxh2 38. a5 Ra2 39. Nxe5+ Bxe5
40. Kxe5 Rg2 41. Ra7+ Kc8 42. a6 Rxg3 43. Rxf7 Kb8 44. f5 h5
45. Rb7+ Ka8 46. Rb4 Ka7 47. Rh4 Kxa6 48. Rxh5 Kb7 49. Kf4 Rc3
50. Rh7 Kc8 51. Rxg7 Kd8 52. Kg5 Ke8 53. Kg6 Kf8 54. Ra7 Rg3+
55. Kf6 Kg8 56. Ra8+ Kh7 57. Kf7 Rb3 58. Ra7 Rb8 59. Re7 Ra8
60. Re6 Rb8 61. Re8 Rb6 62. Re2 Rb7+ 63. Kf6 Rb6+ 64. Re6 Rb8
65. Kf7 Rb7+ 66. Kf8 Rb8+ 67. Re8 Rb6 68. Re7+ Kh8 69. Re6
Rb8+ 70. Kf7 Kh7 71. Re8 Rb7+ 72. Kf6 Rb6+ 73. Re6 Rb5
74. Re7+ Kh6 75. Re6 Kh7 76. Re5 Rb6+ 77. Kf7 Rb7+ 78. Kf8
Rb8+ 79. Re8 Rb6 80. Re7+ Kh8 81. Kf7 Kh7 82. f6 Rb8 83. Re8
Rb7+ 84. Ke6 Rb6+ 85. Kf5 Rb5+ 86. Re5 Rb1 87. Re8 Rb5+
88. Ke6 Rb6+ 89. Kf7 Rb7+ 90. Re7 Rb8 91. Re6 Ra8 92. Re7 Rb8
93. Ra7 Rc8 94. Ra1 Rc7+ 95. Ke6 Rb7 96. Re1 Rb6+ 97. Kf7 Rb7+
98. Re7 Rb8 99. Re6 Ra8 100. Rd6 Ra7+ 101. Ke8 Kg8 102. Rd1
Ra8+ 103. Ke7 Ra7+ 104. Ke6 Ra6+ 105. Kf5 Ra2 106. Rd8+ Kf7
107. Rd7+ Kf8 108. Rd8+ Kf7 109. Rd7+ Kf8 110. Rd8+ 1/2-1/2

[Event "IMSA Elite Mind Games (Rapid)"]
[Site "?"]
[Date "2017.12.11"]
[EventDate "?"]
[Round "7.3"]
[Result "1/2-1/2"]
[White "Pentala Harikrishna"]
[Black "Dmitry Andreikin"]
[WhiteElo "2687"]
[BlackElo "2705"]
[PlyCount "68"]

1. e4 c5 2. Nf3 e6 3. d4 cxd4 4. Nxd4 Nc6 5. Nc3 a6 6. Bf4 d6
7. Nxc6 bxc6 8. Bc4 Nf6 9. O-O d5 10. Bb3 Be7 11. Ba4 Bd7
12. e5 Ng8 13. Ne2 Bc5 14. c4 Ne7 15. Rc1 Rc8 16. Qd2 O-O
17. b4 Ba7 18. Be3 Bxe3 19. Qxe3 a5 20. a3 axb4 21. axb4 dxc4
22. Rxc4 Nd5 23. Qh3 f5 24. exf6 Qxf6 25. Bc2 g6 26. Be4 Ra8
27. Qg3 Ra1 28. Rcc1 Rxc1 29. Nxc1 Qd4 30. Qd3 Qxb4 31. Bxg6
hxg6 32. Qxg6+ Kh8 33. Qh6+ Kg8 34. Qg6+ Kh8 1/2-1/2

[Event "IMSA Elite Mind Games (Blitz)"]
[Site "?"]
[Date "2017.12.12"]
[EventDate "?"]
[Round "1.2"]
[Result "1/2-1/2"]
[White "Yu Yangyi"]
[Black "Pentala Harikrishna"]
[WhiteElo "2701"]
[BlackElo "2759"]
[PlyCount "153"]

1. Nf3 d5 2. g3 c5 3. Bg2 Nc6 4. d4 e6 5. O-O Nf6 6. c4 dxc4
7. Qa4 Bd7 8. Qxc4 b5 9. Qd3 c4 10. Qd1 Rc8 11. b3 Na5 12. Ne5
cxb3 13. axb3 Rxc1 14. Qxc1 Nxb3 15. Qb2 Nxa1 16. Qxa1 Bd6
17. Qxa7 O-O 18. Nxd7 Nxd7 19. Bc6 Nf6 20. Bxb5 h5 21. Bc6 Qc8
22. Qb7 Qxb7 23. Bxb7 Rb8 24. Bf3 Bb4 25. Rc1 g5 26. h3 g4
27. hxg4 hxg4 28. Bg2 Kg7 29. e3 Rb6 30. Kf1 Ra6 31. Rc2 Ra1
32. Rb2 Ba5 33. Ke2 Ne8 34. Be4 Nd6 35. Bd3 f5 36. Nd2 Kf7
37. f3 Bxd2 38. Rxd2 gxf3+ 39. Kxf3 Kf6 40. Rb2 Ra3 41. Ke2
Nf7 42. Rb6 Ke7 43. d5 exd5 44. Bxf5 Ra2+ 45. Kf3 Ne5+ 46. Kf4
Nc4 47. Re6+ Kf7 48. g4 Rf2+ 49. Kg5 Rf3 50. Rf6+ Ke7 51. Re6+
Kf7 52. e4 dxe4 53. Rxe4 Nd6 54. Re5 Kf8 55. Bg6 Rg3 56. Re6
Nc4 57. Kf6 Rf3+ 58. Bf5 Ne3 59. Kg6 Nxf5 60. gxf5 Rg3+
61. Kf6 Rh3 62. Ke5 Re3+ 63. Kf6 Rh3 64. Kg6 Rg3+ 65. Kf6 Rh3
66. Re4 Rh6+ 67. Kg5 Ra6 68. Re5 Kf7 69. Rc5 Rb6 70. Rc7+ Kf8
71. Rc1 Kf7 72. Rh1 Ra6 73. Rh7+ Kf8 74. Rh1 Kf7 75. Re1 Rb6
76. Re5 Ra6 77. Rb5 1/2-1/2

[Event "IMSA Elite Mind Games (Blitz)"]
[Site "?"]
[Date "2017.12.12"]
[EventDate "?"]
[Round "2.5"]
[Result "1/2-1/2"]
[White "Pentala Harikrishna"]
[Black "Dmitry Andreikin"]
[WhiteElo "2759"]
[BlackElo "2771"]
[PlyCount "88"]

1. e4 g6 2. d4 Bg7 3. Nc3 c6 4. Nf3 d6 5. Be3 Nf6 6. h3 b5
7. Bd3 O-O 8. O-O b4 9. Ne2 a5 10. Ng3 Nbd7 11. Qd2 Bb7 12. c4
bxc3 13. bxc3 Ba6 14. Rab1 Qc7 15. Bxa6 Rxa6 16. Bh6 Rb6
17. Rxb6 Qxb6 18. e5 Nd5 19. c4 Nc7 20. Bxg7 Kxg7 21. Nf5+
gxf5 22. Qg5+ Kh8 23. Qxe7 dxe5 24. Qxd7 exd4 25. Nxd4 Qc5
26. Rd1 Qe5 27. Nxc6 Qe2 28. Rb1 Ne6 29. Qd5 f4 30. Ne5 Kg7
31. Nf3 Rd8 32. Qe5+ Qxe5 33. Nxe5 Rd2 34. a4 Ra2 35. Rc1 Rxa4
36. c5 Rd4 37. c6 Nc7 38. Nf3 Rb4 39. Rc5 Rb5 40. Rc4 Rb4
41. Rc5 Rb5 42. Rc4 Rb4 43. Rc5 Rb5 44. Rc4 Rb4 1/2-1/2

[Event "IMSA Elite Mind Games (Blitz)"]
[Site "?"]
[Date "2017.12.12"]
[EventDate "?"]
[Round "6.3"]
[Result "1-0"]
[White "Pentala Harikrishna"]
[Black "Vassily Ivanchuk"]
[WhiteElo "2759"]
[BlackElo "2815"]
[PlyCount "99"]

1. e4 d5 2. exd5 Qxd5 3. Nc3 Qa5 4. d4 Nf6 5. Bc4 Bg4 6. Nge2
Nc6 7. O-O O-O-O 8. Be3 e5 9. d5 Nb4 10. Bg5 c6 11. a3 Nbxd5
12. Nxd5 cxd5 13. Bb3 h6 14. Bxf6 gxf6 15. Qe1 Qxe1 16. Rfxe1
Bc5 17. Rad1 Be6 18. Ng3 h5 19. Kf1 h4 20. Ne2 Kc7 21. f4 Kc6
22. Rd3 Bf5 23. Rdd1 Be6 24. Rd3 a6 25. Nc3 e4 26. Rd2 f5
27. Ne2 Be3 28. Nd4+ Bxd4 29. Rxd4 Rhg8 30. Red1 Rg4 31. c4
Rxf4+ 32. Ke2 Kd6 33. h3 Rg8 34. Ke3 Rg3+ 35. Kxf4 Rxb3
36. cxd5 Bd7 37. Rb4 Rg3 38. Rxb7 Rxg2 39. Rb6+ Kc5 40. Rxa6
Rf2+ 41. Ke5 e3 42. Rc1+ Kb5 43. Ra7 e2 44. Re1 f4 45. Rxd7 f3
46. Rxf7 Rf1 47. Rxf3 Rxe1 48. Re3 Kc5 49. d6 Kd5+ 50. Ke4+
1-0

[Event "IMSA Elite Mind Games (Blitz)"]
[Site "?"]
[Date "2017.12.12"]
[EventDate "?"]
[Round "7.5"]
[Result "0-1"]
[White "Anton Korobov"]
[Black "Pentala Harikrishna"]
[WhiteElo "2760"]
[BlackElo "2759"]
[PlyCount "51"]

1. d4 Nf6 2. c4 e6 3. Nf3 d5 4. Nc3 Bb4 5. Bg5 h6 6. Bxf6 Qxf6
7. e3 O-O 8. Rc1 Nc6 9. cxd5 exd5 10. a3 Bxc3+ 11. Rxc3 Ne7
12. Ne5 c6 13. Be2 Ng6 14. Nd3 Qg5 15. g3 Bh3 16. Nf4 Nxf4
17. gxf4 Qh4 18. Bf3 Rae8 19. Qe2 Re6 20. Rb3 Re7 21. Kd2 Rfe8
22. Rc3 Re6 23. Rg1 Rf6 24. Rb3 b6 25. Rc3 c5 26. dxc5 0-1

[Event "IMSA Elite Mind Games (Blitz)"]
[Site "?"]
[Date "2017.12.12"]
[EventDate "?"]
[Round "9.6"]
[Result "1-0"]
[White "Vladislav Artemiev"]
[Black "Pentala Harikrishna"]
[WhiteElo "2798"]
[BlackElo "2759"]
[PlyCount "99"]

1. e4 c5 2. Nf3 e6 3. g3 Nc6 4. Bg2 Nf6 5. Qe2 e5 6. O-O Be7
7. c3 O-O 8. Na3 Re8 9. Nc4 Bf8 10. d3 h6 11. Nh4 d6 12. Ne3
Be6 13. Nd5 Bxd5 14. exd5 Ne7 15. c4 g5 16. Nf3 Ng6 17. Nd2
Rb8 18. Bh3 b5 19. Ne4 Bg7 20. b3 Nh7 21. Bf5 Ne7 22. Bxh7+
Kxh7 23. Qh5 Kg8 24. h4 f5 25. hxg5 fxe4 26. gxh6 Bf6 27. dxe4
Rf8 28. Be3 Qe8 29. Qh3 Kh7 30. b4 cxb4 31. c5 dxc5 32. Bxc5
Rf7 33. Bxa7 Rb7 34. Be3 Nc8 35. Rac1 Nd6 36. Rc6 Qd7 37. Qg2
Rc7 38. Ra6 Rc2 39. Ra8 Nc4 40. Re1 Qb7 41. Ra7 Qxa7 42. Bxa7
Rxa7 43. Qf3 Bh8 44. Qf5+ Kxh6 45. Kg2 Kg7 46. Qg5+ Kf7
47. Qh5+ Kg7 48. Rh1 Ra8 49. Qg5+ Kf7 50. Rh7+ 1-0

[Event "IMSA Elite Mind Games (Blitz)"]
[Site "?"]
[Date "2017.12.12"]
[EventDate "?"]
[Round "10.4"]
[Result "1-0"]
[White "Le Quang Liem"]
[Black "Pentala Harikrishna"]
[WhiteElo "2771"]
[BlackElo "2759"]
[PlyCount "76"]

1. d4 Nf6 2. c4 e6 3. Nf3 d5 4. g3 dxc4 5. Bg2 c5 6. O-O Nc6
7. dxc5 Qxd1 8. Rxd1 Bxc5 9. Nbd2 c3 10. bxc3 O-O 11. Ne1 Be7
12. Nd3 Bd7 13. Nb3 b6 14. c4 Rfd8 15. Bb2 Rac8 16. Rac1 Nb4
17. Nxb4 Bxb4 18. Bb7 Rb8 19. Bf3 Be8 20. Rxd8 Rxd8 21. c5 Rc8
22. Bb7 Rc7 23. c6 Ne4 24. Rc4 Nd6 25. Rxb4 Bxc6 26. Bxc6 Rxc6
27. Rd4 f6 28. f4 a5 29. Kf2 e5 30. fxe5 fxe5 31. Rd5 Ne4+
32. Ke3 Nf6 33. Rd8+ Kf7 34. Bxe5 Ng4+ 35. Kf4 Nxh2 36. Rd7+
Ke6 37. Rxg7 Rc8 38. Ke4 Kd5+ 1-0

[Event "IMSA Elite Mind Games (Blitz)"]
[Site "?"]
[Date "2017.12.12"]
[EventDate "?"]
[Round "11.6"]
[Result "1-0"]
[White "Pentala Harikrishna"]
[Black "Rauf Mamedov"]
[WhiteElo "2759"]
[BlackElo "2755"]
[PlyCount "85"]

1. d4 d6 2. e4 g6 3. Nc3 Bg7 4. Be3 Nf6 5. Nf3 O-O 6. h3 Nc6
7. d5 Nb8 8. Bd3 e5 9. dxe6 Bxe6 10. O-O Nc6 11. Qd2 d5
12. Bg5 dxe4 13. Nxe4 Nxe4 14. Bxe4 Qxd2 15. Bxd2 f5 16. Bxc6
bxc6 17. Rfe1 Bd5 18. Ne5 Rfe8 19. Bc3 Be4 20. Nd3 Bxc3
21. bxc3 Rad8 22. Rab1 Rb8 23. c4 Kf7 24. Red1 Bxd3 25. Rxb8
Rxb8 26. Rxd3 Ke6 27. Ra3 Rb2 28. Rxa7 Kd6 29. c3 Rc2 30. Ra3
Kc5 31. Ra7 Kb6 32. Ra3 f4 33. h4 h6 34. f3 g5 35. h5 Kc5
36. Ra7 Kd6 37. Ra8 Rxc3 38. Rh8 Rxc4 39. Rxh6+ Ke7 40. Rg6
Kf7 41. Rxg5 Kf6 42. h6 Rc1+ 43. Kh2 1-0

[Event "IMSA Elite Mind Games (Blitz)"]
[Site "?"]
[Date "2017.12.13"]
[EventDate "?"]
[Round "12.1"]
[Result "1-0"]
[White "Pentala Harikrishna"]
[Black "Yu Yangyi"]
[WhiteElo "2759"]
[BlackElo "2701"]
[PlyCount "109"]

1. e4 c5 2. Nf3 Nc6 3. d4 cxd4 4. Nxd4 Nf6 5. Nc3 e5 6. Ndb5
d6 7. Bg5 a6 8. Na3 b5 9. Nd5 Be7 10. Bxf6 Bxf6 11. c4 b4
12. Nc2 O-O 13. g3 Bg5 14. Bg2 a5 15. O-O Ne7 16. Nce3 Bxe3
17. Nxe3 Be6 18. Rc1 Nc6 19. Nf5 Ra6 20. Nxd6 Nd4 21. Nf5 Nxf5
22. exf5 Bxf5 23. Qxd8 Rxd8 24. Rfd1 Rxd1+ 25. Rxd1 Kf8 26. c5
e4 27. f3 Rc6 28. Rc1 Be6 29. a3 bxa3 30. bxa3 exf3 31. Bxf3
Rc7 32. Kf2 Ke7 33. Ke3 Kf6 34. c6 Ke7 35. Rc5 a4 36. Ra5 Bb3
37. Kd4 Kd6 38. Ra8 f6 39. Rd8+ Ke7 40. Rh8 Kd6 41. Rxh7 Be6
42. Rh8 g5 43. h4 gxh4 44. gxh4 Rg7 45. Rd8+ Kc7 46. Rf8 Bg4
47. Bd5 Kb6 48. Rf7 Rxf7 49. Bxf7 Kxc6 50. h5 Kd6 51. h6 Bf5
52. Bg8 Bg6 53. h7 Bxh7 54. Bxh7 Kd5+ 55. Ke4+ 1-0

[Event "IMSA Elite Mind Games (Blitz)"]
[Site "?"]
[Date "2017.12.13"]
[EventDate "?"]
[Round "13.5"]
[Result "1-0"]
[White "Dmitry Andreikin"]
[Black "Pentala Harikrishna"]
[WhiteElo "2771"]
[BlackElo "2759"]
[PlyCount "150"]

1. d4 Nf6 2. Bg5 d5 3. Nd2 c5 4. dxc5 e6 5. e4 Bxc5 6. Qe2 Nc6
7. O-O-O Be7 8. e5 Nd7 9. Bxe7 Qxe7 10. f4 O-O 11. Ngf3 a5
12. Qe3 Qc5 13. Qxc5 Nxc5 14. Nb3 Nxb3+ 15. axb3 a4 16. bxa4
Rxa4 17. g3 Ra1+ 18. Kd2 Rxd1+ 19. Kxd1 Bd7 20. Kd2 Ra8
21. Bd3 h6 22. c3 b5 23. Nd4 b4 24. Nxc6 bxc3+ 25. Kxc3 Bxc6
26. Rc1 Kf8 27. Kd4 Bd7 28. b4 Ke8 29. b5 Kd8 30. b6 Ra3
31. Bb5 Bxb5 32. b7 Rd3+ 33. Kc5 Kc7 34. Kxb5+ Kxb7 35. Kc5
Kc7 36. Ra1 Rc3+ 37. Kd4 Rc4+ 38. Kd3 Kd7 39. Ra8 Rc8 40. Ra7+
Rc7 41. Ra8 h5 42. h3 g6 43. g4 hxg4 44. hxg4 Ke7 45. g5 Rb7
46. Ke3 Kd7 47. Ra6 Kc7 48. Kf3 Rb3+ 49. Ke2 Kb7 50. Rd6 Rc3
51. Rd7+ Rc7 52. Rd6 Rc2+ 53. Kd3 Rc6 54. Rd7+ Rc7 55. Rd6 Kc8
56. Ra6 Rb7 57. Ke3 Kc7 58. Kf3 Rb3+ 59. Ke2 Rb6 60. Ra7+ Kc6
61. Rxf7 d4 62. Kd3 Kd5 63. Rd7+ Kc5 64. Rxd4 Rb3+ 65. Ke4 Rb6
66. Rd8 Rb4+ 67. Kf3 Rb3+ 68. Kg4 Rb1 69. Rd6 Rg1+ 70. Kf3
Rf1+ 71. Kg3 Kc4 72. Rxe6 Kd4 73. Rxg6 Ke4 74. Rf6 Rg1+
75. Kh4 Kd5 1-0

[Event "IMSA Elite Mind Games (Blitz)"]
[Site "?"]
[Date "2017.12.13"]
[EventDate "?"]
[Round "18.5"]
[Result "1/2-1/2"]
[White "Pentala Harikrishna"]
[Black "Anton Korobov"]
[WhiteElo "2759"]
[BlackElo "2760"]
[PlyCount "100"]

1. d4 d5 2. c4 c6 3. cxd5 cxd5 4. Bg5 Nc6 5. Nc3 f6 6. e4 e5
7. exd5 Nxd4 8. Be3 Nf5 9. Bd2 Bc5 10. Ne4 Qxd5 11. Nxc5 Qxc5
12. Rc1 Qb6 13. Nf3 Nge7 14. g4 Nd4 15. Nxd4 Qxd4 16. Bg2 O-O
17. O-O Bxg4 18. Qb3+ Kh8 19. Be3 Qd7 20. Qxb7 Qe6 21. Bc5
Rae8 22. Qxa7 Rg8 23. Bxe7 Rxe7 24. Qa3 e4 25. Rfe1 f5 26. f3
Bh5 27. fxe4 f4 28. Kh1 f3 29. Bxf3 Ra7 30. Qe3 Bxf3+ 31. Qxf3
Rxa2 32. Re2 Ra5 33. b4 Rb5 34. Rb1 h6 35. Qd3 Rgb8 36. Rg2
Qe5 37. Rbg1 R5b7 38. Qd5 Qxd5 39. exd5 Rd8 40. Rg4 Rxd5
41. Rf4 Kh7 42. Rgf1 Rdb5 43. Kg2 Rxb4 44. Rxb4 Rxb4 45. Rf2
g5 46. h3 Kg6 47. Rf3 Rb6 48. Ra3 Kh5 49. Kg3 Rd6 50. Rb3 Kg6
1/2-1/2

[Event "IMSA Elite Mind Games (Blitz)"]
[Site "?"]
[Date "2017.12.13"]
[EventDate "?"]
[Round "20.1"]
[Result "1/2-1/2"]
[White "Pentala Harikrishna"]
[Black "Vladislav Artemiev"]
[WhiteElo "2759"]
[BlackElo "2798"]
[PlyCount "148"]

1. e4 c5 2. Nf3 e6 3. c3 Nf6 4. e5 Nd5 5. d4 cxd4 6. cxd4 d6
7. a3 Bd7 8. Bd3 Bc6 9. O-O Nd7 10. Qe2 Be7 11. exd6 Bxd6
12. Nc3 O-O 13. Ne4 Bf4 14. Be3 N7f6 15. Neg5 h6 16. Nh3 Qd6
17. Qd2 Nh5 18. Rae1 Qc7 19. Bb1 Bb5 20. Rc1 Qd6 21. Rfe1 Bc6
22. Qd3 f5 23. Qe2 Rad8 24. Ba2 Bxe3 25. fxe3 Nhf6 26. Ne5 g5
27. Nf2 Kg7 28. Nxc6 bxc6 29. Rc2 g4 30. Nd3 f4 31. Bxd5 Nxd5
32. Qxg4+ Kh7 33. Ne5 Rg8 34. Qf3 Nxe3 35. Qe4+ Nf5 36. Nf3
Qd5 37. Rxc6 Qxe4 38. Rxe4 Ne3 39. g3 Nd5 40. Rexe6 fxg3
41. Rxh6+ Kg7 42. hxg3 Ne7 43. Rce6 Rc8 44. Rh4 Rc1+ 45. Re1
Rgc8 46. Rg4+ Kh6 47. Rxc1 Rxc1+ 48. Kf2 Rc2+ 49. Ke3 Rxb2
50. Ne5 Rb3+ 51. Ke4 Rxa3 52. Nf7+ Kh7 53. Ng5+ Kh6 54. Nf7+
Kh7 55. Nd6 Ra1 56. Ke5 Re1+ 57. Kf6 Ng8+ 58. Kg5 Kg7 59. Nf5+
Kf7 60. d5 Nf6 61. Ra4 Nxd5 62. Rxa7+ Ke6 63. g4 Rg1 64. Ra6+
Ke5 65. Ra8 Nc3 66. Re8+ Kd5 67. Ne3+ Kd4 68. Nf5+ Kd5 69. Kh6
Ne4 70. Ne3+ Kd4 71. Nf5+ Kd5 72. Ne3+ Kd4 73. Nf5+ Kd5
74. Ne3+ Kd4 1/2-1/2

[Event "IMSA Elite Mind Games (Blitz)"]
[Site "?"]
[Date "2017.12.13"]
[EventDate "?"]
[Round "21.5"]
[Result "1-0"]
[White "Pentala Harikrishna"]
[Black "Le Quang Liem"]
[WhiteElo "2759"]
[BlackElo "2771"]
[PlyCount "86"]

1. Nf3 Nf6 2. d4 d5 3. c4 e6 4. g3 Bb4+ 5. Nbd2 O-O 6. Bg2 b6
7. O-O Bb7 8. b3 c5 9. Bb2 Nc6 10. cxd5 Nxd5 11. dxc5 Bxc5
12. a3 Be7 13. b4 Bf6 14. Qb3 a5 15. e4 Nc7 16. Bxf6 Qxf6
17. b5 Ne5 18. Nxe5 Qxe5 19. a4 Rfd8 20. Nc4 Qc5 21. Rac1 Rab8
22. Nxa5 Qe7 23. Nc4 Ba8 24. Qe3 e5 25. Nxb6 Rd4 26. Qc3 Nxb5
27. Qa5 Nc7 28. Qa7 Rb7 29. Qa5 Rb8 30. Rfd1 Rxd1+ 31. Rxd1
Bc6 32. Rc1 Qe6 33. Qc5 Be8 34. a5 Na6 35. Qd5 Qf6 36. Bf1 Rd8
37. Qb7 Rd2 38. f4 exf4 39. Qa8 Qe5 40. Kh1 fxg3 41. Bg2 g6
42. Nd5 Kg7 43. Qxa6 Qh5 1-0

[Event "IMSA Elite Mind Games (Blitz)"]
[Site "?"]
[Date "2017.12.13"]
[EventDate "?"]
[Round "22.6"]
[Result "1/2-1/2"]
[White "Rauf Mamedov"]
[Black "Pentala Harikrishna"]
[WhiteElo "2755"]
[BlackElo "2759"]
[PlyCount "68"]

1. e4 c5 2. Nf3 e6 3. d4 cxd4 4. Nxd4 Nc6 5. Nc3 Qc7 6. Be3 a6
7. Qf3 Nf6 8. Be2 h5 9. Qg3 d6 10. h4 Ng4 11. Bxg4 hxg4
12. O-O-O Ne5 13. f4 gxf3 14. gxf3 Bd7 15. f4 Nc4 16. f5 Qb6
17. b3 Nxe3 18. fxe6 fxe6 19. Qg6+ Kd8 20. Qg5+ Be7 21. Qxe3
Kc8 22. e5 dxe5 23. Qxe5 Bf6 24. Qe4 Kb8 25. Nde2 Bc6 26. Qxe6
Ka7 27. Nd5 Qc5 28. Nxf6 gxf6 29. Rhe1 f5 30. Qf6 Be4 31. Qd4
Rac8 32. c4 Rxh4 33. Ng3 Rh2 34. Nxe4 fxe4 1/2-1/2

[Event "Tradewise Gibraltar"]
[Site "Catalan Bay GIB"]
[Date "2018.01.27"]
[EventDate "2018.01.23"]
[Round "5.8"]
[Result "1-0"]
[White "Pentala Harikrishna"]
[Black "Sergey Grigoriants"]
[WhiteElo "2745"]
[BlackElo "2568"]
[PlyCount "88"]

1. e4 e5 2. Nf3 Nc6 3. Bb5 Nf6 4. O-O Nxe4 5. d4 Nd6 6. Bxc6
dxc6 7. dxe5 Nf5 8. Qxd8+ Kxd8 9. Nc3 h6 10. h3 Ne7 11. Be3
Ng6 12. Rad1+ Ke8 13. a3 Be7 14. Rfe1 h5 15. Nd4 h4 16. Bc1
Rh5 17. e6 fxe6 18. Nxe6 Bxe6 19. Rxe6 Kf7 20. Ree1 Rd8
21. Rxd8 Bxd8 22. Rd1 Ke8 23. Be3 Bf6 24. Bd4 Rf5 25. Kf1 Be5
26. Re1 Kf7 27. Re4 Bd6 28. Ne2 c5 29. Bc3 b5 30. Ng1 Nf4
31. Bd2 Ne6 32. Nf3 g5 33. c4 c6 34. b3 a6 35. Be3 Bc7 36. Bd2
Bd6 37. Ke2 Bc7 38. Rg4 Bf4 39. Bxf4 Nxf4+ 40. Ke3 Ne6 41. g3
hxg3 42. fxg3 Ke7 43. Ke4 Rf8 44. Nxg5 Nd4 1-0

[Event "Chess Olympiad"]
[Site "Batumi GEO"]
[Date "2018.09.30"]
[EventDate "2018.09.24"]
[Round "6.6"]
[Result "1/2-1/2"]
[White "Pentala Harikrishna"]
[Black "Vladimir Kramnik"]
[WhiteElo "2743"]
[BlackElo "2779"]
[PlyCount "90"]

1. d4 Nf6 2. c4 e6 3. Nc3 Bb4 4. Nf3 O-O 5. Bg5 c5 6. Rc1 h6 7. Bh4 cxd4 8. Nxd4
d5 9. cxd5 g5 10. Bg3 Qxd5 11. a3 Bxc3+ 12. bxc3 Ne4 13. f3 Nxg3 14. hxg3 Kg7
15. e4 Qe5 16. Kf2 Bd7 17. Qd2 Qc5 18. Qe3 b6 19. e5 Nc6 20. f4 f6 21. Rd1 fxe5
22. Nf5+ Rxf5 23. Rxd7+ Rf7 24. Qxc5 bxc5 25. Rxf7+ Kxf7 26. Rxh6 exf4 27. gxf4
gxf4 28. Kf3 Ke7 29. Ke4 Kd6 30. Bc4 Re8 31. Kxf4 Ne5 32. Be2 Rf8+ 33. Ke3 Rg8
34. Rh7 Rxg2 35. Rxa7 Rg3+ 36. Ke4 Rxc3 37. Bb5 c4 38. Ra6+ Kc5 39. Ba4 Rxa3 40.
Kxe5 Kb4 41. Rb6+ Ka5 42. Rb8 Rxa4 43. Kd4 Rb4 44. Rc8 e5+ 45. Kc3 Rb7 1/2-1/2

[Event "Chess Olympiad"]
[Site "Batumi GEO"]
[Date "2018.10.05"]
[EventDate "2018.09.24"]
[Round "11.3"]
[Result "1/2-1/2"]
[White "Radoslaw Wojtaszek"]
[Black "Pentala Harikrishna"]
[WhiteElo "2727"]
[BlackElo "2743"]
[PlyCount "60"]

1. d4 Nf6 2. c4 e6 3. g3 d5 4. Bg2 dxc4 5. Nf3 c5 6. O-O Nc6
7. Qa4 Bd7 8. Qxc4 b5 9. Qc3 b4 10. Qd3 Rc8 11. Bf4 cxd4
12. Nbd2 Nd5 13. Be5 Nxe5 14. Nxe5 Be7 15. Bxd5 exd5 16. Ndf3
O-O 17. Nxd4 Bf6 18. Nxd7 Qxd7 19. e3 Rc4 20. Rad1 Rfc8 21. b3
Rc3 22. Qe2 Qe7 23. Rd2 Rc1 24. Qf3 Qe4 25. Qxe4 dxe4 26. Nb5
Kf8 27. Nd6 R8c2 28. Rxc1 Rxd2 29. Nxe4 Rxa2 30. Nxf6 gxf6
1/2-1/2

[Event "European Club Cup"]
[Site "Porto Carras GRE"]
[Date "2018.10.13"]
[EventDate "2018.10.12"]
[Round "2.2"]
[Result "0-1"]
[White "Torbjorn Ringdal Hansen"]
[Black "Pentala Harikrishna"]
[WhiteElo "2423"]
[BlackElo "2733"]
[PlyCount "106"]

1. e4 c6 2. Nc3 d5 3. Nf3 Bg4 4. h3 Bxf3 5. Qxf3 Nf6 6. d4 dxe4 7. Qe3 Nbd7 8.
Nxe4 Nxe4 9. Qxe4 Nf6 10. Qh4 e6 11. Bd3 Nd5 12. Qxd8+ Rxd8 13. c3 h5 14. Ke2 h4
15. g4 hxg3 16. fxg3 Bd6 17. Kf3 c5 18. Bg5 Be7 19. Bb5+ Kf8 20. Bxe7+ Kxe7 21.
dxc5 Rc8 22. c4 Rxc5 23. cxd5 Rxb5 24. dxe6 fxe6 25. Rh2 Rf8+ 26. Ke4 Rff5 27.
Rc1 Rbe5+ 28. Kd4 Rd5+ 29. Ke4 Rfe5+ 30. Kf4 g5+ 31. Kf3 Rd3+ 32. Kg4 Kf6 33.
Rc3 Re4+ 34. Kh5 Rxg3 35. Rf2+ Rf4 36. Rxg3 Rxf2 37. Rxg5 Rxb2 38. Ra5 a6 39.
Kg4 e5 40. a3 Rg2+ 41. Kf3 Rd2 42. h4 Kf5 43. Ra4 Rd3+ 44. Ke2 Rb3 45. h5 Rh3
46. Rb4 Rxh5 47. a4 Rh2+ 48. Kd3 Rh3+ 49. Kd2 Rh7 50. Kd3 Ke6 51. a5 Kd5 52. Rb1
Rh3+ 53. Kd2 Ra3 0-1

[Event "European Club Cup"]
[Site "Porto Carras GRE"]
[Date "2018.10.14"]
[EventDate "2018.10.12"]
[Round "3.1"]
[Result "1-0"]
[White "David Howell"]
[Black "Pentala Harikrishna"]
[WhiteElo "2689"]
[BlackElo "2733"]
[PlyCount "169"]

1. Nf3 d5 2. g3 c5 3. Bg2 Nc6 4. d4 Nf6 5. O-O e6 6. c4 dxc4
7. dxc5 Qxd1 8. Rxd1 Bxc5 9. Nbd2 c3 10. bxc3 O-O 11. Nb3 Be7
12. c4 Bd7 13. Bb2 Rfd8 14. Nfd4 Rac8 15. Nb5 b6 16. Nd6 Bxd6
17. Rxd6 Be8 18. Rd3 Nb4 19. Rxd8 Rxd8 20. Bc3 Nc6 21. Rc1 Rc8
22. Bd2 h6 23. Kf1 Bd7 24. Ke1 Kf8 25. h3 Ke8 26. g4 Ng8
27. f4 Nge7 28. Kf2 f6 29. Be4 e5 30. f5 Nd8 31. Bb4 Bc6
32. Bd3 Nf7 33. Nd2 Rd8 34. Ke3 Nd6 35. Bb1 Bg2 36. Kf2 Bb7
37. Nf1 Nc6 38. Ba3 Na5 39. c5 Nb5 40. Bb2 Rc8 41. Bd3 Nd4
42. e3 Ndc6 43. Ba3 Ne7 44. Ng3 Bd5 45. Ba6 Bb7 46. Bb5+ Bc6
47. Ne4 Nb7 48. Bxc6+ Rxc6 49. cxb6 Rxc1 50. Bxc1 axb6 51. Ba3
Nd5 52. Ke2 b5 53. Kd3 b4 54. Bb2 Kd7 55. Ng3 Nc5+ 56. Kc4 Kc6
57. e4 Ne3+ 58. Kxb4 Nd1 59. Ba3 Nf2 60. Kc4 Nd7 61. h4 Nxg4
62. Kd3 Nf2+ 63. Ke3 Nd1+ 64. Kd2 Nf2 65. Ke3 Nd1+ 66. Kd2 Nf2
67. Ke2 Nh3 68. Nh5 Nf4+ 69. Nxf4 exf4 70. Kf3 h5 71. Kxf4 Ne5
72. Bf8 Kd7 73. Bxg7 Ke7 74. a4 Nd3+ 75. Kf3 Ne5+ 76. Ke2 Nd7
77. a5 Kd6 78. Bh6 Kc5 79. Be3+ Kb5 80. Bb6 Ne5 81. Bd8 Nd7
82. Ke3 Ne5 83. Kf4 Nd3+ 84. Ke3 Ne5 85. Bxf6 1-0

[Event "European Club Cup"]
[Site "Porto Carras GRE"]
[Date "2018.10.15"]
[EventDate "2018.10.12"]
[Round "4.4"]
[Result "1/2-1/2"]
[White "Pentala Harikrishna"]
[Black "Athanasios Mastrovasilis"]
[WhiteElo "2733"]
[BlackElo "2503"]
[PlyCount "73"]

1. c4 c6 2. Nf3 d5 3. e3 Nf6 4. d4 Bg4 5. Nc3 e6 6. h3 Bh5
7. Qb3 Qc7 8. Nh4 Nbd7 9. g4 Bg6 10. g5 Ng8 11. cxd5 exd5
12. Nxg6 hxg6 13. e4 dxe4 14. Be3 Qb6 15. d5 Bc5 16. dxc6 bxc6
17. Nxe4 Qxb3 18. axb3 Bxe3 19. fxe3 Rh4 20. Bg2 Ne7 21. Nd6+
Kf8 22. O-O f6 23. Rad1 Rb8 24. Ne4 Nd5 25. Nc3 N7b6 26. Rd3
Re8 27. e4 Nf4 28. Rd6 fxg5 29. Rxc6 Kg8 30. Rf3 Nd7 31. Rc7
Ne5 32. Rg3 Rd8 33. Rc5 Rd3 34. Kh2 Ng4+ 35. Rxg4 Rxg4
36. hxg4 Rd2 37. Rxg5 1/2-1/2

[Event "European Club Cup"]
[Site "Porto Carras GRE"]
[Date "2018.10.16"]
[EventDate "2018.10.12"]
[Round "5.3"]
[Result "1/2-1/2"]
[White "Evgeny Postny"]
[Black "Pentala Harikrishna"]
[WhiteElo "2612"]
[BlackElo "2733"]
[PlyCount "95"]

1. d4 Nf6 2. c4 g6 3. Nc3 d5 4. cxd5 Nxd5 5. e4 Nxc3 6. bxc3
Bg7 7. Bc4 c5 8. Ne2 Nc6 9. Be3 O-O 10. O-O Bg4 11. f3 Bd7
12. Rb1 Qc7 13. Qd2 Rad8 14. Rfc1 Bc8 15. Qe1 Na5 16. Bd3 b6
17. d5 e6 18. c4 Nc6 19. Nc3 Nd4 20. Ne2 Nxe2+ 21. Qxe2 f5
22. Bf2 Be5 23. g3 f4 24. g4 g5 25. Kh1 Kf7 26. Kg2 h5 27. h3
Rh8 28. Rh1 Rh7 29. Rbg1 Rdh8 30. a4 Kf8 31. a5 bxa5 32. Qa2
hxg4 33. hxg4 Rxh1 34. Rxh1 Rxh1 35. Kxh1 Bc3 36. Kg2 e5
37. Bc2 Bb4 38. Qa1 Bd7 39. Ba4 Bxa4 40. Qxa4 Ke7 41. Qa1 Kd6
42. Qh1 Qg7 43. Qa1 Qh7 44. Qd1 Qg7 45. Qa1 Qd7 46. Qh1 Qg7
47. Qa1 Qe7 48. Qh1 1/2-1/2

[Event "European Club Cup"]
[Site "Porto Carras GRE"]
[Date "2018.10.17"]
[EventDate "2018.10.12"]
[Round "6.1"]
[Result "1/2-1/2"]
[White "Peter Leko"]
[Black "Pentala Harikrishna"]
[WhiteElo "2690"]
[BlackElo "2733"]
[PlyCount "26"]

1. d4 Nf6 2. c4 e6 3. Nf3 d5 4. g3 dxc4 5. Bg2 Bd7 6. Qc2 c5
7. Qxc4 Bc6 8. dxc5 Nbd7 9. Be3 Bd5 10. Qa4 Bc6 11. Qc4 Bd5
12. Qa4 Bc6 13. Qc4 Bd5 1/2-1/2